000 00947nas a2200313 4500
001 BR0501881
003 BR-BrBNA
005 20231205105237.0
007 ta
008 230509b bl.|||p| |||| 00| 00por d
040 _aBR-BrBNA
_bpor
_cBiblioteca Nacional de Agricultura
041 _a(Pt)
072 _aH10
100 1 _aZanetti, R.
100 1 _aDias, N.
100 1 _aReis, M.
100 1 _aSilva, A.S.
100 1 _aMoura, M.A
245 1 _aEficiência de iscas granuladas (Sulfluramida 0,3)no controle de Att sexdens rubropilosa Forel, 1908 (Hymenoptera: Formicidae)
650 _aEUCALIPTO
650 _aFORMIGA
650 _aCONTROLE QUÍMICO
650 _aPRAGA DE PLANTA
650 _aREFLORESTAMENTO
650 _aISCA GRANULADA
773 0 _tCiência e Agrotecnologia (Brazil)
_xISSN 1413-7054
_g(Jul-Aug 2004), v. 28(4) p. 878-882
_wBR0501881
909 _a202311
_bLúcia
_c55
_dLúcia Elande
942 _2AGRIS
_n0
_cANA
999 _c181955
_d181955